| 000 | 00429nab a2200145Ia 4500 | ||
|---|---|---|---|
| 003 | ES-SlBCS | ||
| 005 | 20210601131820.0 | ||
| 008 | 140529s1939 xxu||||| |||| 00| 0 fre d | ||
| 041 | _afre | ||
| 100 | 1 |
_aBrillant, Maurice _9188536 |
|
| 245 | 0 | 0 |
_aAu monastère de Concy _c Maurice Brillant |
| 610 | 2 | 4 |
_aMonasterio de Concy _9189016 |
| 773 | 0 |
_tVie Spirituelle (La) _gvol. 58, nº. 233, 1939, págs. 189-197 _wRev496 |
|
| 942 | _cAR | ||
| 999 |
_c569316 _d569316 |
||